Electronic processes in organic crystals and polymers (0 19 512963 6)

Gorde:
Xehetasun bibliografikoak
Egile nagusia: MARTIN POPE
Formatua: Liburua
Hizkuntza:Undetermined
Argitaratua: Oxford 1999
Etiketak: Etiketa erantsi
Etiketarik gabe, Izan zaitez lehena erregistro honi etiketa jartzen!
Thư viện lưu trữ: Trung tâm Học liệu Trường Đại học Cần Thơ
LEADER 00436nam a2200145Ia 4500
001 CTU_49292
008 210402s9999 xx 000 0 und d
082 |a 530.413 
082 |b P826 
100 |a MARTIN POPE 
245 0 |a Electronic processes in organic crystals and polymers (0 19 512963 6) 
245 0 |c MARTIN POPE, Charles E. Swenberg 
260 |b Oxford 
260 |c 1999 
980 |a Trung tâm Học liệu Trường Đại học Cần Thơ